000
00321nam a22001337a 4500
008
170801b xxu||||| |||| 00| 0 eng d
020
_a
0619217553
041
_a
eng
080
_a
004
100
_a
32
101
_a
SHK
245
_a
MICROSOFT WINDOWS SERVER 2003 ACTIVE DIRECTORY, ENHANCED
_c
AUBERT,M
942
_2
udc
_c
BK
999
_c
22401
_d
22401